Регионална библиотека "Любен Каравелов" - Русе

Musica de Sobrevivencia [CD аудио] (Запис номер 215393)

MARC детайли
000 -Лидер
Контролно поле с фиксирана дължина 01256njm a2200349 c 4500
003 - Код на организацията, давaща контролен номер
Контролно поле BLK
005 - Дата и час на последна редакция
Контролно поле 20180422121247.0
008 - Елементи от данни с фиксирана дължина
fixed length control field 180410b bul||n||s|||||||| n|bulo|
010 ## - Наследен системен номер
LC control number CDD00000280000
040 ## - Източник на каталожния запис
Идентификатор на билиотеката - собственик на записа BLK
041 ## - Код за език
Код за езика на текст/звукозапис или на отделно заглавие Немски
Код за езика КДБФ Немски
080 ## - УДК
Текстов определител УДК Салонни и танцови оркестри. Естраден оркестър. Джаз. Рок
УДК код - определител по УДК 785.161
УДК определител
УДК - код + определител 785.161
100 1# - Редна дума - Автор
Автор Gismonti, Egberto
Авторска отговорност първи автор
R(LIN) 353547
139 ## - Редно поле
Редна дума Gismonti, Egberto
Авторски знак Gis - G 49
245 10 - Сведения за заглавието
Заглавие Musica de Sobrevivencia [CD аудио]
Редно поле (дума) изп. Egberto Gismonti Group; Egberto Gismonti; изп. Nando Carneiro; виолончело Jaques Morelenbaum; контрабас Zeca Assumpcao.
257 ## - Страна на издаване
Страна на създаване/издаване Германия
260 ## - Област на издателските данни
-- Munchen
Име на издателя, разпространителя и проч. ECM Rec.
Година на издаване 1993
300 ## - Физическа характеристика
Размери/Мащаб 12 cm.
Тип мерна единица бр. в к-т
Количество на мерната единица 1 CD
306 ## - Продължителност на изпълнението
Времетраене 63мин. 42сек.
380 ## - Жанр
Жанр Изкуство
650 #4 - Допълнително описание по предмет – тема
Основно описание – тема или топоним Джаз
9 (RLIN) 153283
653 ## - Ключова дума – ненормативна
Ключова дума джаз
700 1# - Други автори (авторска отговорност)
Лично име Egberto Gismonti Group
Автороска отговорност (Описва отношението между автора и произведението) изп.
9 (RLIN) 387531
700 1# - Други автори (авторска отговорност)
Лично име Carneiro, Nando
Автороска отговорност (Описва отношението между автора и произведението) изп.
9 (RLIN) 353548
700 1# - Други автори (авторска отговорност)
Лично име Morelenbaum, Jaques
Автороска отговорност (Описва отношението между автора и произведението) виолончело
9 (RLIN) 353549
700 1# - Други автори (авторска отговорност)
Лично име Assumpcao, Zeca
Автороска отговорност (Описва отношението между автора и произведението) контрабас
9 (RLIN) 3998
852 ## - Местоположение
Форматна сигнатура Цб CD 1855
Част 0
856 4# - Електронен адрес и достъп
Електронен формат pdf - файл
Път до файла /url/
856 4# - Електронен адрес и достъп
Електронен формат pdf - файл
Път до файла /url/
942 ## - АРТИКУЛИ
Вид на библиотечния материал Компактдискове
Скрит в OPAC Не
944 ## - СЪЗДАВАНЕ И РЕДАКЦИЯ на ЗАПИСА
Създаване/Редакция Създаване
Дата на регистрацията/редакция 30.09.2008
Служител, извършил регистрацията/редакцията Теодора_Стоянова
944 ## - СЪЗДАВАНЕ И РЕДАКЦИЯ на ЗАПИСА
Създаване/Редакция Редакция
Дата на регистрацията/редакция 30.09.2008
Служител, извършил регистрацията/редакцията
999 ## - СИСТЕМНИ КОНТРОЛНИ НОМЕРА
Koha biblionumber 215393
Koha biblioitemnumber 215393
Наличности
Код за отписване Код за изгубен артикул Източник на класификационната схема Код за повреда Коз за рестрикции Код за отдаване Артикулен № Име на библиотеката - собственик Име на библиотеката, в която се намира в момента Статус (Текущо местоположение) Дата на вписване в системата Местоположение - отдел Цена в лева Инвентарен номер Систематично азбучна сигнатура Баркод Номер на екземпляра Цена в евро Служебна бележка Служебен тип на артикула
  Не е изгубен Universal Decimal Classification Не е повреден без рестрикции заемане за дома 386752 Регионална библиотека "Любен Каравелов" Русе Регионална библиотека "Любен Каравелов" Русе Отдел Изкуство - подръчен фонд 1994-01-01 Отдел Изкуство - подръчен фонд 10.00 120000907165 78.036.9/M 97 120000907165 1 5.11 Дост: DA Вид: А Дата: 01.01.1994 Компактдискове
Vip Innovations Ltd, Rousse, Bulgaria 2025